Seis problemas para don isidro parodi /

Guardado en:
Autor Principal: Bustos Domecq, H.
Otros Autores: Borges, Jorge Luis, Bioy Casares, Adolfo
Formato: Libro
Publicado: Buenos Aires : Emecé, 1984
Series:Grandes maestros del suspenso
Materias:
Etiquetas: Agregar Etiqueta
Sin Etiquetas, Sea el primero en etiquetar este registro!
LEADER 00922nam a22002655a 4500
001 CEM.cems012913
005 20080612102007.0
008 130507s1984##################000#0#####d
003 CEMS
020 |a 9500402971 
082 0 4 |a A868.4 
100 1 |a Bustos Domecq, H. 
245 1 0 |a Seis problemas para don isidro parodi /  |c H. Bustos Domecq [seudónimo] 
260 |a Buenos Aires :  |b Emecé,  |c 1984 
300 |a 185 p. 
490 0 |a Grandes maestros del suspenso 
505 0 |a Las doce figuras del mundo -- Las noches de Goliadkin -- El dios de los toros -- Las previsiones de Sangiácomo -- La víctima de Tadeo Limardo 
653 |a Literatura 
653 |a Literatura argentina-siglo 20 
653 |a Cuentos 
653 |a Cuentos argentinos-siglo 20 
653 |a Cuentos policiales 
700 1 |a Borges, Jorge Luis 
700 1 |a Bioy Casares, Adolfo 
859 |a CEMS  |b BIB. CEMS - 11 de abril  |h A868.4  |i B969  |p 25204.08  |t Ej.1